00508nam a2200169Ia 4500003000900000008004100009020001800050040001600068080002400084100001800108245012400126260004000250300001000290650001200300650001800312650000800330IN-BaIIA211028s9999 xx 000 0 eng d a81-7371-229-8 cIIA Library a523.947:520.86bCRU aCrump, Thomas 0aSolar eclipsebthe path of darkness: apocalypse or portent?cThomas Crump  aHyderabadbUniversities Pressc1999 a256p. aEclipse aSolar eclipse aSun